01015cam a22002655a 45000010009000000050017000090080041000260200038000670400038001050820021001431000030001642450051001942500012002452600071002573000034003285000027003625000024003895040031004136500044004446510010004886530034004989420021005329990017005539520179005701580029220151031150311.0090701s2010 enka frbd 001 0 eng d a9780415551618 (pbk. : alk. paper) aDLCbengcDLCdEG-ScBUEdEG-ScBUE04a343.099bCRO2221 aCrook, Tim,d1959-93861910aComparative media law and ethics /cTim Crook. 31st ed. aAbingdon ;aNew York :bRoutledge / Taylor & Francis Group,c2010. axiv, 481 p. :bill. ;c24 cm. aGlossary : p. 431-450. aIndex : p. 474-481. aBibliography : p. 451-473. 0aMass mediaxLaw and legislation.2BUEsh 2BUEsh bCOMAMEcJune2015cOctober2015 2ddck343.099 CRO c19870d19842 00102ddc40708AlahramaMAINbMAINc1STd2015-06-24ePurchaseg371.00h314l3m8o343.099 CROp000044954r2025-07-15 00:00:00s2021-10-20v463.75yBBzReplaced of 000038767